000 01257nam a2200253Ia 4500
999 _c43789
_d43789
001 10534
003 GE_BSU
005 20221205093534.0
008 181216s2009||||ge |||||||||||||| ||geo||
020 _a9789941147340
040 _cGE_BSU
041 _ageo
080 _a624.01/04(075.8) ბ-32
100 _aბაქანიძე, შ.
_91607
245 _aშენობა-ნაგებობათა ტექნოლოგიური გადაწყვეტა :
_b[სახელმძღვ. სამშენებლო ფაკ. მაგისტრანტებისათვის] /
_cშ. ბაქანიძე, რ. მახვილაძე ; [თ. ჟორდანიას რედ.] ; სტუ.
264 _aთბილისი :
_bსაქართველოს ტექ. უნ-ტი,
_c2009.
300 _a208გვ.:
_bნახ; ცხრ;
_c29 სმ.
504 _aბიბლიოგრ.გვ: 202-203
541 _h21ლ
653 _aსამშენებლო კონსტრუქციები.
700 _aმახვილაძე, რ.
_eავტორი
_92517
700 _aჟორდანია, თ.
_eრედაქტორი
_916331
942 _cBK
_2udc